Top 10 Unfriendliest US States - Statistics

General Stats
  • This quiz has been taken 42 times
  • The average score is 8 of 10
Answer Stats
Rank State % Correct
47 Massachusetts
98%
50 New York
98%
46 New Jersey
95%
41 Rhode Island
90%
45 Washington
85%
48 Delaware
83%
42 Florida
83%
44 New Hampshire
80%
43 Nevada
68%
49 Arkansas
60%
No matching quizzes found
Score Distribution
Percent of People with Each Score
Percentile by Number Answered
Your Score History
You have not taken this quiz